书目信息 |
| 题名: |
运动心理学
|
|
| 作者: | 于清 , 袁吉 主编 | |
| 分册: | ||
| 出版信息: | 长春 吉林大学出版社 2010 |
|
| 页数: | 261页 | |
| 开本: | 23cm | |
| 丛书名: | ||
| 单 册: | ||
| 中图分类: | G804.8 | |
| 科图分类: | ||
| 主题词: | 体育心理学--高等学校--教材 , 体育心理学 | |
| 电子资源: | ||
| ISBN: | 978-7-5601-5464-0 | |
| 000 | 00940nam0 2200265 45 | |
| 001 | 1130204547 | |
| 005 | 20110309091757.43 | |
| 010 | @a978-7-5601-5464-0@dCNY28.90 | |
| 100 | @a20110123d2010 em y0chiy50 ea | |
| 101 | 0 | @achi |
| 102 | @aCN@b220000 | |
| 105 | @ay z 000yy | |
| 106 | @ar | |
| 200 | 1 | @a运动心理学@AYun Dong Xin Li Xue@f于清,袁吉主编@FYu Qing, Yuan Ji Zhu Bian |
| 210 | @a长春@c吉林大学出版社@d2010 | |
| 215 | @a261页@d23cm | |
| 300 | @a人文与科学融合的体育专业素质教育课程系列教材 | |
| 330 | @a本书共分十一章,内容包括:认知与体育运动;情感、意志与体育运动;个性与体育运动;青少年学生和运动员的心理特点;运动技能形成过程的心理分析;运动训练心理;运动竞赛心理等。 | |
| 606 | 0 | @a体育心理学@x高等学校@j教材 |
| 606 | 0 | @a体育心理学 |
| 690 | @aG804.8@v4 | |
| 701 | 0 | @a于清@AYu Qing@4主编 |
| 701 | 0 | @a袁吉@AYuan Ji@f(1963.3~)@4主编 |
| 801 | 0 | @aCN@bTANGWEI@c20110309 |
| 905 | @b0530462-65@dG804.8@e392@f4 | |
| 运动心理学/于清,袁吉主编.-长春:吉林大学出版社,2010 |
| 261页;23cm |
| 人文与科学融合的体育专业素质教育课程系列教材 |
| ISBN 978-7-5601-5464-0:CNY28.90 |
| 本书共分十一章,内容包括:认知与体育运动;情感、意志与体育运动;个性与体育运动;青少年学生和运动员的心理特点;运动技能形成过程的心理分析;运动训练心理;运动竞赛心理等。 |
| ● |
| 相关链接 |
|
|
|
|
正题名:运动心理学
索取号:G804.8/392
 
预约/预借
| 序号 | 登录号 | 条形码 | 馆藏地/架位号 | 状态 | 备注 |
| 1 | 0530462 | 205304623 | 第一样本阅览室/ [索取号:G804.8/392] | 在馆 | |
| 2 | 0530463 | 205304632 | 密集书库-体育系/ [索取号:G804.8/392] | 在馆 | |
| 3 | 0530464 | 205304641 | 第四借阅区/ [索取号:G804.8/392] | 在馆 | |
| 4 | 0530465 | 205304650 | 第四借阅区/ [索取号:G804.8/392] | 在馆 |